|
|
|
|
| LEADER |
02907nam a2200433 i 4500 |
| 001 |
10119251 |
| 003 |
GR-PaULI |
| 005 |
20250306122117.0 |
| 008 |
160226s2015 gr e g gre d |
| 020 |
|
|
|a 9789604184466
|
| 040 |
|
|
|a GR-PaULI
|b gre
|c GR-PaULI
|e AACR2
|
| 041 |
1 |
|
|a gre
|h eng
|
| 082 |
0 |
4 |
|a 512.5
|2 23
|
| 100 |
1 |
|
|9 115333
|a Lipschutz, Seymour
|e συγγραφέας.
|c
|4
|
| 245 |
1 |
0 |
|a Θεωρία και προβλήματα στη γραμμική άλγεβρα /
|c Seymour Lipschutz and Marc Lipson ; επιστημονική επιμέλεια Κωνσταντίνος Αθ. Δραζιώτης, μετάφραση Σταύρος Σουραβλάς.
|
| 260 |
|
|
|a Θεσσαλονίκη :
|b Τζιόλας,
|c 2015.
|
| 300 |
|
|
|a 532 σ. ;
|c 28 εκ.
|
| 490 |
1 |
|
|a Schaum outline series
|
| 500 |
|
|
|a 5η αμερικανική έκδοση.
|
| 500 |
|
|
|a Τίτλος πρωτοτύπου : Schaum's outline of theory and problems of linear algebra.
|
| 650 |
|
4 |
|a Άλγεβρες, Γραμμικές
|9 11069
|
| 700 |
1 |
|
|a Δραζιώτης, Κωνσταντίνος Αθ.
|4
|9 143265
|e επιμελητής.
|
| 700 |
1 |
|
|a Σουραβλάς, Σταύρος Ι.
|d 1956-
|4
|e μεταφραστής.
|9 23057
|
| 700 |
1 |
|
|a Lipson, Marc Lars
|e συγγραφέας.
|9 47245
|
| 765 |
0 |
8 |
|i Μετάφραση του :
|t Schaum's outline of theory and problems of linear algebra
|
| 830 |
|
0 |
|a Schaum's outline series
|9 157479
|
| 852 |
|
|
|a GR-PaULI
|b ΠΑΤΡΑ
|b ΒΚΠ
|b ΒΣ1
|k ΑΣΧΕ
|h 512.5 LIP
|m 134645
|p 025000251754
|t 1
|
| 852 |
|
|
|a GR-PaULI
|b ΠΑΤΡΑ
|b ΒΚΠ
|b ΒΣ1
|k ΑΣΧΕ
|h 512.5 LIP
|m 134643
|p 025000251752
|t 2
|
| 852 |
|
|
|a GR-PaULI
|b ΠΑΤΡΑ
|b ΒΚΠ
|b ΒΣ1
|k ΑΣΧΕ
|h 512.5 LIP
|m 134644
|p 025000251753
|t 3
|
| 852 |
|
|
|a GR-PaULI
|b ΠΑΤΡΑ
|b ΒΚΠ
|b ΒΣ1
|k ΑΣΧΕ
|h 512.5 LIP
|m 126577
|p 025000240344
|t 4
|
| 852 |
|
|
|a GR-PaULI
|b ΠΑΤΡΑ
|b ΒΚΠ
|b ΒΣ1
|k ΑΣΧΕ
|h 512.5 LIP
|m 124942
|p 025000063912
|t 5
|
| 942 |
|
|
|2 ddc
|c BK
|
| 952 |
|
|
|0 0
|1 0
|4 0
|6 512_500000000000000_LIP
|7 0
|9 189647
|a LISP
|b LISP
|c BSC
|d 2016-04-24
|i 134645
|l 20
|m 7
|o 512.5 LIP
|p 025000251754
|r 2023-01-24 00:00:00
|s 2023-01-17
|t 1
|w 2016-04-24
|y BK15
|
| 952 |
|
|
|0 0
|1 0
|4 0
|6 512_500000000000000_LIP
|7 0
|9 189648
|a LISP
|b LISP
|c BSC
|d 2016-04-24
|i 134643
|l 21
|m 7
|o 512.5 LIP
|p 025000251752
|r 2023-04-24 00:00:00
|s 2023-03-30
|t 2
|w 2016-04-24
|y BK15
|
| 952 |
|
|
|0 0
|1 0
|4 0
|6 512_500000000000000_LIP
|7 0
|9 189649
|a LISP
|b LISP
|c BSC
|d 2016-04-24
|i 134644
|l 17
|m 7
|o 512.5 LIP
|p 025000251753
|r 2021-11-26 00:00:00
|s 2021-11-15
|t 3
|w 2016-04-24
|y BK15
|
| 952 |
|
|
|0 0
|1 0
|4 0
|6 512_500000000000000_LIP
|7 0
|9 189650
|a LISP
|b LISP
|c BSC
|d 2016-04-24
|i 126577
|l 14
|m 7
|o 512.5 LIP
|p 025000240344
|r 2023-02-07 00:00:00
|s 2023-01-27
|t 4
|w 2016-04-24
|y BK15
|
| 952 |
|
|
|0 0
|1 0
|2 ddc
|4 0
|6 512_500000000000000_LIP
|7 0
|9 375084
|a LISP
|b LISP
|c BSC
|d 2023-11-01
|i 262256
|l 0
|o 512.5 LIP
|p 025000303012
|r 2023-11-01 00:00:00
|t 5
|w 2023-11-01
|y BK15
|
| 998 |
|
|
|c ΣΑΤΛΑΝΗΣ
|d 2016-02
|
| 999 |
|
|
|c 116814
|d 116814
|